| 000 | 01222nam a2200325Ia 4500 | ||
|---|---|---|---|
| 001 | ebr10171530 | ||
| 003 | CaPaEBR | ||
| 006 | m u | ||
| 007 | cr cn||||||||| | ||
| 008 | 070517s2007 enk sb 001 0 eng d | ||
| 020 | _z9781403970305 (hbk.) | ||
| 020 | _z1403970300 (hbk.) | ||
| 040 |
_aCaPaEBR _cCaPaEBR |
||
| 035 | _a(OCoLC)648199771 | ||
| 050 | 1 | 4 |
_aJZ5588 _b.M69 2007eb |
| 082 | 0 | 4 |
_a327.101 _222 |
| 100 | 1 | _aMowle, Thomas S. | |
| 245 | 1 | 4 |
_aThe unipolar world _h[electronic resource] : _ban unbalanced future / _cThomas S. Mowle and David Sacko. |
| 260 |
_aBasingstoke : _bPalgrave Macmillan, _cc2007. |
||
| 300 | _axii, 215 p. | ||
| 504 | _aIncludes bibliographical references and index. | ||
| 533 |
_aElectronic reproduction. _bPalo Alto, Calif. : _cebrary, _d2009. _nAvailable via World Wide Web. _nAccess may be limited to ebrary affiliated libraries. |
||
| 650 | 0 | _aInternational relations. | |
| 650 | 0 | _aRealism. | |
| 650 | 0 |
_aWorld politics _y1989- |
|
| 655 | 7 |
_aElectronic books. _2local |
|
| 700 | 1 | _aSacko, David H. | |
| 710 | 2 | _aebrary, Inc. | |
| 856 | 4 | 0 |
_uhttp://site.ebrary.com/lib/rucke/Doc?id=10171530 _zAn electronic book accessible through the World Wide Web; click to view |
| 999 |
_c248756 _d248756 |
||